Antologia da poesia romântica brasileira (Record no. 60081)

MARC details
000 -LÍDER
campo de controle de tamanho fixo 00387 a2200157 4500
001 - NÚMERO DE CONTROLE
campo de controle 60081
020 ## - ISBN - INTERNATIONAL STANDARD BOOK NUMBER
ISBN - International Standard Book Number 9788504007961
040 ## - FONTE DA CATALOGAÇÃO
Instituição que transcreveu o registro Anchieta - Pituba
100 ## - ENTRADA PRINCIPAL--NOME PESSOAL
Nome pessoal Azevedo, Àlves de
240 10 - TÍTULO UNIFORME
Título uniforme Antologia da poesia romântica brasileira
Idioma da obra por
245 10 - TÍTULO
Título Antologia da poesia romântica brasileira
300 ## - DESCRIÇÃO FÍSICA
Extensão 286
362 0# - DATAS DE PUBLICAÇÃO E/OU DESIGNAÇÃO SEQUENCIAL
Datas de publicação e/ou designação sequencial 2007
650 #4 - ASSUNTO--TERMO TÓPICO
Cabeçalho tópico ou nome geográfico Poesia brasileira
942 ## - ELEMENTOS DE ENTRADA ADICIONADOS (KOHA)
Tipo de material Koha Livros
Holdings
Situação do descarte Situação das perdas Situação física Não pode ser emprestado Biblioteca de origem Biblioteca atual Data de aquisição Total de empréstimos Número de chamada completo Código de barras Data de último acesso Data do preço efetivo Tipo de material Koha
        Colégio Anchieta - Pituba Colégio Anchieta - Pituba 21/11/2023   869.91 A634a ANT 11636/PIT 21/11/2023 21/11/2023 Livros